000 00210pam a2200121 a 4500
020 _c
041 _h
245 _aThe Life of Birrds
260 _c1967
300 _a546
653 _aBirds
930 _a1266
999 _c247119
_d247119